| 000 | 00713cam a2200253 4500 | ||
|---|---|---|---|
| 001 | 46146 | ||
| 010 | _a9726101441 | ||
| 021 | _b130153/98 | ||
| 090 | _a46146 | ||
| 100 | _a20000915d1999 m y0pory5003 ba | ||
| 101 | 1 | _apor | |
| 102 | _aPT | ||
| 200 | 1 |
_aO livro negro do Capitalismo _f[Vários, não identificados] _gtrad. Ana Maria Duarte... [et al.] |
|
| 205 | _a1.ª ed. | ||
| 210 | 9 |
_aPorto _cCampo das Letras, _d1999 |
|
| 215 |
_a622 p. _d23 cm |
||
| 225 | 2 |
_aCampo da história _v8 |
|
| 304 | _aTít. orig.: Le livre noir du capitalisme | ||
| 606 |
_aCapitalismo _xHistória |
||
| 675 | _a330.34(091) | ||
| 675 |
_a330.342(091) _vBN _zpor |
||
| 702 | 1 |
_aDuarte, _bAna Maria _4730 |
|
| 801 |
_aPT _gRPC |
||
| 990 | _cLIVROS | ||